000 00301nam a2200133Ia 4500
008 231017s9999 xx 000 0 und d
082 _a633.10
082 _bVAC
245 0 _aIdentity preserved grain
245 0 _cKimberlay vachal
260 _bKimberlay vachal
300 _c30cm
942 _cREP
999 _c606586
_d606586